| 000 | 01787cad a22002775a 4500 | ||
|---|---|---|---|
| 001 | L144358 | ||
| 008 | 080714s2008 xxk f f000 0 eng d | ||
| 020 | _a9781409802174 | ||
| 035 | _a(Sirsi) u144358 | ||
| 041 | 0 | _aeng | |
| 050 | 0 | 4 | _a621.042 $2 22 |
| 110 | 1 |
_aUnited Kingdom _bDepartment for Communities and Local Government _94939 |
|
| 245 | 0 | 0 |
_aImproving the energy efficiency of our buildings _baguide to air-conditioning inspections for buildings _h[electronic resource] |
| 260 |
_aLondon _bDCLG _c2008 |
||
| 520 | _aLast in a six part series that explains the introduction of energy performance certificates, display energy certificates and air-conditioning inspections in England and Wales. Describes the scope and requirements of the regulations applying to air-conditioning plant. Provides guidance on who is affected and how these are applied. It is intended for anyone who manages or is responsible for air-conditioning plant. Explains how the requirements will work in practice, but is not a legal guide or advice. | ||
| 590 | _aKA NTK | ||
| 650 | 2 | 4 | _aDISPLAY ENERGY CERTIFICATE |
| 650 | 2 | 4 | _aCOMMERCIAL ENERGY PERFORMANCE CERTIFICATES |
| 650 | 2 | 4 | _aEUROPEAN ENERGY PERFORMANCE OF BUILDINGS DIRECTIVE 2002/91/EC |
| 650 | 2 | 4 | _aENERGY PERFORMANCE OF BUILDINGS (CERTIFICATES AND INSPECTIONS) (ENGLAND AND WALES) REGULATIONS 2007 |
| 651 | 4 |
_aUnited Kingdom _y |
|
| 690 | _aENVIRONMENTAL AND LAND CONSULTANCY-ENERGY-ENERGY USE-ENERGY EFFICIENCY | ||
| 690 | _aBUILT ENVIRONMENT-BUILDING ELEMENTS-COMPLETE BUILDING SERVICES ELEMENTS-COMPLETE HEATING, VENTILATION AND AIR CONDITIONING SYSTEMS | ||
| 856 | 4 | 0 |
_uhttps://www.communities.gov.uk/publications/planningandbuilding/airconditioning _zView the guide free of charge at www.communities.gov.uk... |
| 942 | _n0 | ||
| 999 |
_c108467 _d108467 |
||